000
00308nam a22001337a 4500
008
171019b xxu||||| |||| 00| 0 eng d
020
_a
9780324007152
041
_a
eng
080
_a
338
100
_a
53
101
_a
MEN
245
_a
MANAGEMENT SCIENCE & DECISION TECHNOLOGY
_c
CAMM,J.D
942
_2
udc
_c
BK
999
_c
34957
_d
34957